Parcours du Psg en Ligue des Champions 2025 - Statistiques

Statistiques générales
  • Ce quiz a été pris 248 fois
  • Le résultat moyen est 11 sur 13
Statistiques - réponses
Hint Réponse % Correct
Finale Inter (5-0)
99%
2eme Match de groupe Arsenal (0-2)
97%
Demis finale Arsenal (3-1)
97%
Quarts de finale Aston Villa (5-4)
94%
8emes de finale Liverpool (1-1) tab 4-1
94%
7eme Match de groupe Manchester city (4-2)
94%
16 emes de finale Brest (10-0)
91%
4eme Match de groupe Atlético (1-2)
80%
5eme Match de groupe Bayern (0-1)
76%
6eme Match de groupe Salzbourg (3-0)
64%
8eme Match de groupe Stuttgart (4-1)
62%
1er Match de groupe Gerone (1-0)
61%
3eme Match de groupe Psv (1-1)
61%
Aucun quiz correspondant
Distribution des résultats
% des personnes avec chaque résultat
Percentile par nombre de réponses
Votre historique - résultats
Vous n’avez pas pris ce quiz